|
|
|
|
| LEADER |
00000nam a2200000 a 4500 |
| 001 |
UCT1577 |
| 003 |
CL-VaPUC |
| 005 |
20241023145543.0 |
| 008 |
960927e19570000SP |||||||||||||||||spa|d |
| 999 |
|
|
|c 252059
|d 252057
|
| 040 |
|
|
|c Pontificia Universidad Católica de Valparaíso
|
| 082 |
0 |
4 |
|a 575.1 HOV 1957
|2 21
|
| 100 |
0 |
|
|a Hovanitz, William
|9 370521
|
| 245 |
1 |
0 |
|a Tratado de Genética.
|
| 260 |
0 |
3 |
|a Madrid, España
|b Aguilar
|c 1957
|
| 300 |
|
|
|a 469 páginas
|
| 583 |
|
|
|a last modification
|c 19960927 00:00:00
|k Rodrigo Vera
|
| 650 |
|
0 |
|a Genética
|9 259443
|
| 650 |
|
0 |
|a Biología
|9 262022
|
| 650 |
|
0 |
|a Herencia
|9 256325
|
| 650 |
|
0 |
|a Cromosomas
|9 344073
|
| 650 |
|
0 |
|a Genes
|9 330314
|
| 650 |
|
0 |
|a Aberraciones cromosómicas
|9 370178
|
| 650 |
|
7 |
|a MUTAGENESIS
|2 CL-VaPUC
|9 361433
|
| 942 |
|
|
|c BK
|2 ddc
|
| 945 |
|
|
|d 19960927 00:00:00
|a paguirre
|